000
00342pam a2200157a 44500
008
230405s2004 xxu||||| |||| 00| 0 eng d
041
_a
ENG
100
_a
Thomas D. Kuczmarski
245
_a
Managing New Products
250
_a
1
260
_a
_b
Viva
_c
2004
300
_a
274p,24cms
440
_a
295
690
_a
IMRDA
906
_a
2460
999
_c
255319
_d
255319